000 00716nam a2200205Ii 4500
003 JO-AjNU
008 230605s9999||||xx |||||||||||||| ||und||
017 _a1990/7015
040 _aJO-AjNU
_bara
_erda
_cJO-AjNU
041 _aara
050 1 4 _aPJ6126 1990
100 3 _aزايد،أحمد صبري,
_eauthor
_910550
245 0 0 _aأحدث الطرق لدراسة وتحسين الخط الديواني
264 3 1 _aالقاهرة:مكتبة ابن سينا للنشر والتوزيع والتصدير،1990
300 _a95ص
336 _atext
_btxt
_2rdacontent
337 _aunmediated
_bn
_2rdamedia
338 _avolume
_bnc
_2rdacarrier
650 4 _aالخط الديواني-الخط العربي
_910551
999 _aA1862
_c5430
_d5430